00557nam a22001937a 450000500170000001000150001702000260003203500130005803700130007108200120008410000200009624500820011625000110019826000350020927000680024430000250031250000190033770000070035620130618114323.0 aENG-107368 a9788120347489c350.00 aEN-90901 bDBAD/PUB a005.133 aRout, Susant K. aC learning and building business and system applications /cby Susant K. Rout a2nd ed aNew DelhibPHI Learning c2013 aRimjhim House, 111, Patparganj Industrial EstatebDelhie110092 axix,466p.c24cm(pbk) aIncludes index a